000 00641nam a2200241Ia 4500
003 OSt
005 20220918223733.0
006 a|||||r|||| 00| 0
007 ta
008 220917b |||||||| |||| 00| 0 eng d
024 _a224,956
037 _cTextual
040 _aARTS
_cARTS
_beng
041 _2eng
_aeng
082 _aV2.M57<-I97, P4
100 _aEden Charles H.
_9146561
245 0 _aIndia historical and descriptive
260 _aGurgaon
_bShubhi Publications
_c2004
300 _a291p.
_ccm.
650 _aHISTORY
942 _hV2.M57<-I97, P4
_cTEXL
_2CC
999 _c279365
_d279365